000 00302nam a22001337a 4500
005 20160519165458.0
008 160519b xxu||||| |||| 00| 0 eng d
041 _aeng
082 _b3323
100 _aJain
_9826
245 _aEngineering Chemistry
650 _aDIPLOMA ENGINEERING
_9817
942 _cBK
999 _c1135
_d1135